[Event "Uralsk-ch Men 2019"]
[Site "Khanty-Mansiysk"]
[Date "2019.03.17"]
[Round "6.5"]
[White "Radzhabov, Rodion"]
[Black "Yaroslav, Remizov"]
[Result "1-0"]
[WhiteElo "2366"]
[BlackElo "2389"]
[Annotator "NA"]
[PlyCount "107"]
[EventDate "2019.03.12"]
[EventType "swiss"]
[EventCountry "RUS"]
[SourceTitle "playchess.com"]
[Source "ChessBase"]
[SourceQuality "1"]
[TimeControl "5400+30"]

1. e4 {[%emt 0:00:00]} c5 {[%emt 0:00:00]} 2. Nc3 {[%emt 0:00:00]} Nc6 {[%emt 0:00:03]} 3. Bb5 {[%emt 0:00:00]} Nd4 {[%emt 0:01:56]} 4. Bc4 {[%emt 0:00:12]} e6 {[%emt 0:03:04]} 5. Nge2 {[%emt 0:01:20]} Nf6 {[%emt 0:01:11]} 6. O-O {[%emt 0:09:19]} a6 {[%emt 0:05:36]} 7. d3 {[%emt 0:01:51] LiveBook: 130 Games} d5 {[%emt 0:02:56]} 8. Bb3 {[%emt 0:07:02]} Nxb3 {[%emt 0:05:29]} 9. axb3 {[%emt 0:00:32]} d4 {[%emt 0:02:26]} 10. Nb1 {[%emt 0:01:26]} Be7 {[%emt 0:03:09]} 11. f4 {[%emt 0:02:40]} O-O {[%emt 0:19:44]} 12. Ng3 {[%emt 0:02:39]} Ne8 {[%emt 0:04:57]} 13. Nd2 {[%emt 0:01:13]} f5 $11 {[%emt 0:01:22]} 14. Qe2 {[%emt 0:03:52]} Bh4 {[%emt 0:04:49]} 15. Nh1 {[%emt 0:15:10]} Bd7 {[%emt 0:11:23]} 16. Nf3 {[%emt 0:07:51]} fxe4 {[%emt 0:08:32]} 17. Qxe4 {[%emt 0:00:18]} Nd6 {[%emt 0:00:10]} 18. Qe2 {[%emt 0:00:25]} Re8 {[%emt 0:01:58]} 19. Ne5 {[%emt 0:06:03]} Bf6 {[%emt 0:03:45]} 20. Nf2 {[%emt 0:04:37]} Bxe5 {[%emt 0:00:53]} 21. fxe5 {[%emt 0:00:29]} Nf5 {[%emt 0:00:29]} 22. Ne4 {[%emt 0:00:48]} Bc6 {[%emt 0:01:11]} 23. Bg5 {[%emt 0:26:22]} Qc7 {[%emt 0:04:03]} 24. Qg4 {[%emt 0:06:04]} h6 {[%emt 0:08:34]} 25. Bd2 {[%emt 0:01:22]} Bxe4 {[%emt 0:03:32]} 26. Qxe4 {[%emt 0:00:05]} Rf8 {[%emt 0:00:48]} 27. Rf4 {[%emt 0:00:47]} Rad8 {[%emt 0:00:50]} 28. Raf1 {[%emt 0:00:32]} g5 {[%emt 0:00:33]} 29. R4f2 {[%emt 0:00:39]} Ng7 {[%emt 0:00:35]} 30. Rf6 {[%emt 0:00:14]} Nf5 {[%emt 0:00:28]} 31. Rxe6 {[%emt 0:00:30]} Qh7 {[%emt 0:00:02]} 32. Rf6 {[%emt 0:00:40]} Rxf6 {[%emt 0:00:30]} 33. exf6 {[%emt 0:00:01]} Nd6 {[%emt 0:00:16]} 34. f7+ {[%emt 0:00:22]} Qxf7 {[%emt 0:00:02]} 35. Qe5 {[%emt 0:00:52]} Qg6 {[%emt 0:00:45]} 36. Rf6 {[%emt 0:00:40]} Qg7 {[%emt 0:00:02]} 37. Qe6+ {[%emt 0:00:50]} Kh7 {[%emt 0:00:07]} 38. h4 {[%emt 0:00:26]} Rf8 {[%emt 0:00:26]} 39. hxg5 {[%emt 0:00:17]} Rxf6 {[%emt 0:00:28]} 40. gxf6 {[%emt 0:00:09]} Qf8 {[%emt 0:00:29]} 41. Bf4 {[%emt 0:00:22]} Nf7 {[%emt 0:00:36]} 42. Qe4+ {[%emt 0:00:21]} Kg8 {[%emt 0:01:50]} 43. Qxb7 {[%emt 0:00:02]} a5 {[%emt 0:00:40]} 44. Qe4 {[%emt 0:00:23]} Kh8 {[%emt 0:00:46]} 45. Kf2 {[%emt 0:00:51]} Qg8 {[%emt 0:00:18]} 46. Qf5 {[%emt 0:00:45]} Qh7 {[%emt 0:00:26]} 47. Qxc5 {[%emt 0:00:31]} Qg6 {[%emt 0:00:09]} 48. Qxd4 {[%emt 0:00:15]} Qf5 {[%emt 0:00:31]} 49. Ke1 {[%emt 0:01:11]} Qg4 {[%emt 0:00:35]} 50. g3 {[%emt 0:00:12]} Qe6+ {[%emt 0:00:39]} 51. Kd2 {[%emt 0:00:06]} h5 {[%emt 0:00:25]} 52. c4 {[%emt 0:00:21]} Qf5 {[%emt 0:00:40]} 53. c5 {[%emt 0:00:14]} Qe6 {[%emt 0:00:08]} 54. Qc4 {[%emt 0:00:23]} 1-0

[Event "Uralsk-ch Men 2019"]
[Site "Khanty-Mansiysk"]
[Date "2019.03.17"]
[Round "6.6"]
[White "Alexsander, Dubinin"]
[Black "Popov, Mikhail"]
[Result "0-1"]
[WhiteElo "2180"]
[BlackElo "2381"]
[Annotator "NA"]
[PlyCount "124"]
[EventDate "2019.03.12"]
[EventType "swiss"]
[EventCountry "RUS"]
[SourceTitle "playchess.com"]
[Source "ChessBase"]
[SourceQuality "1"]
[TimeControl "5400+30"]

1. e4 {[%emt 0:00:00]} Nf6 {[%emt 0:00:53]} 2. e5 {[%emt 0:00:00]} Nd5 {[%emt 0:00:05]} 3. d4 {[%emt 0:00:00]} d6 {[%emt 0:00:05]} 4. c4 {[%emt 0:00:12]} Nb6 {[%emt 0:00:05]} 5. exd6 {[%emt 0:00:24]} exd6 {[%emt 0:00:05]} 6. Be3 {[%emt 0:08:04] LiveBook: 26 Games} Be7 {[%emt 0:00:16]} 7. Bd3 {[%emt 0:07:34]} O-O {[%emt 0:04:00]} 8. Ne2 {[%emt 0:00:48]} Na6 {[%emt 0:13:04]} 9. Nd2 {[%emt 0:09:16]} Nb4 {[%emt 0:07:53]} 10. Bb1 {[%emt 0:02:14]} Bg5 {[%emt 0:03:59]} 11. O-O {[%emt 0:09:45]} Bg4 {[%emt 0:07:01]} 12. a3 {[%emt 0:06:18]} Nc6 {[%emt 0:03:27]} 13. Qc2 $11 {[%emt 0:01:06]} f5 {[%emt 0:01:51]} 14. Bxg5 {[%emt 0:11:02]} Qxg5 {[%emt 0:00:09]} 15. Nb3 {[%emt 0:00:48]} d5 {[%emt 0:06:28]} 16. c5 {[%emt 0:05:55]} Nc4 {[%emt 0:03:06]} 17. Ng3 {[%emt 0:00:41]} a5 {[%emt 0:10:17]} 18. f4 {[%emt 0:06:28]} Qf6 {[%emt 0:08:51]} 19. Qc3 {[%emt 0:00:30]} a4 {[%emt 0:08:00]} 20. Nd2 {[%emt 0:00:18]} Nxd2 {[%emt 0:00:59]} 21. Qxd2 {[%emt 0:00:11]} Qxd4+ {[%emt 0:02:01]} 22. Rf2 {[%emt 0:01:37]} h5 {[%emt 0:04:06]} 23. Ba2 {[%emt 0:01:41]} Rad8 {[%emt 0:01:31]} 24. Nf1 {[%emt 0:01:07]} Rfe8 {[%emt 0:02:09]} 25. Re1 {[%emt 0:02:47]} Rxe1 {[%emt 0:02:23]} 26. Qxe1 {[%emt 0:00:03]} Kf8 {[%emt 0:05:14]} 27. Qe6 {[%emt 0:02:05]} Re8 {[%emt 0:01:11]} 28. Qxd5 {[%emt 0:03:22]} Qxd5 {[%emt 0:00:02]} 29. Bxd5 {[%emt 0:00:01]} Re1 {[%emt 0:00:07]} 30. Rd2 {[%emt 0:09:03]} Be2 {[%emt 0:00:44]} 31. Kf2 {[%emt 0:00:06]} Rxf1+ {[%emt 0:00:02]} 32. Kxe2 {[%emt 0:00:07]} Rxf4 {[%emt 0:00:24]} 33. g3 {[%emt 0:01:27]} Rg4 {[%emt 0:00:37]} 34. Bxc6 {[%emt 0:00:39]} bxc6 {[%emt 0:00:01]} 35. Rd7 {[%emt 0:00:19]} Rc4 {[%emt 0:00:50]} 36. Rxc7 {[%emt 0:00:34]} Rxc5 {[%emt 0:00:05]} 37. Kd3 {[%emt 0:01:22]} Rc1 {[%emt 0:02:11]} 38. Ra7 {[%emt 0:00:40]} Rb1 {[%emt 0:00:17]} 39. Kc3 {[%emt 0:00:38]} Rh1 {[%emt 0:00:18]} 40. Rxa4 {[%emt 0:01:23]} Rxh2 {[%emt 0:00:04]} 41. Kd4 {[%emt 0:01:01]} Rxb2 {[%emt 0:00:49]} 42. Ke5 {[%emt 0:00:17]} Rb3 {[%emt 0:00:57]} 43. Ra8+ {[%emt 0:04:32]} Kf7 {[%emt 0:00:10]} 44. Kxf5 {[%emt 0:00:06]} Rxg3 {[%emt 0:00:18]} 45. a4 {[%emt 0:00:52]} h4 {[%emt 0:03:02]} 46. a5 {[%emt 0:01:25]} h3 {[%emt 0:00:44]} 47. Rh8 {[%emt 0:00:53]} Ra3 {[%emt 0:00:20]} 48. a6 {[%emt 0:00:14]} Rxa6 {[%emt 0:00:09]} 49. Rxh3 {[%emt 0:00:14]} Ra5+ {[%emt 0:00:05]} 50. Kf4 {[%emt 0:00:23]} Rd5 {[%emt 0:01:25]} 51. Rc3 {[%emt 0:00:29]} Rd6 {[%emt 0:00:03]} 52. Kg5 {[%emt 0:01:28]} Ke7 {[%emt 0:01:02]} 53. Rc1 {[%emt 0:00:33]} Kf7 {[%emt 0:01:04]} 54. Rf1+ {[%emt 0:00:56]} Rf6 {[%emt 0:00:12]} 55. Rc1 {[%emt 0:00:29]} g6 {[%emt 0:00:13]} 56. Kg4 {[%emt 0:00:05]} Rd6 {[%emt 0:00:26]} 57. Rf1+ {[%emt 0:00:18]} Ke7 {[%emt 0:00:17]} 58. Kg5 {[%emt 0:00:12]} c5 {[%emt 0:00:20]} 59. Ra1 {[%emt 0:01:04]} Rc6 {[%emt 0:01:08]} 60. Ra7+ {[%emt 0:00:41]} Ke6 {[%emt 0:00:05]} 61. Kxg6 {[%emt 0:00:19]} c4 {[%emt 0:00:08]} 62. Ra2 {[%emt 0:00:32]} c3 {[%emt 0:00:07]} 0-1

[Event "Uralsk-ch Men 2019"]
[Site "Khanty-Mansiysk"]
[Date "2019.03.18"]
[Round "7.1"]
[White "Rozhkov, Viacheslav"]
[Black "Drygalov, Sergey"]
[Result "0-1"]
[WhiteElo "2255"]
[BlackElo "2453"]
[Annotator "TA"]
[PlyCount "86"]
[EventDate "2019.03.12"]
[EventType "swiss"]
[EventCountry "RUS"]
[SourceTitle "playchess.com"]
[Source "ChessBase"]
[SourceQuality "1"]

{[%evp 21,85,29,26,0,0,0,17,0,0,0,0,0,0,0,0,-70,-5,-18,0,0,-8,0,36,10,21,6,4,6,0,-194,-186,-175,-180,-197,-175,-199,-199,-201,-183,-200,-125,-292,-328,-304,-309,-282,-229,-239,-220,-219,-183,-230,-227,-415,-395,-485,-302,-433,-457,-449,-456,-439,-493,-642,-700,-29999]} 1. e4 c5 2. Nf3 d6 3. d4 cxd4 4. Nxd4 Nf6 5. Nc3 a6 6. Be3 e5 7. Nb3 Be6 8. f3 Be7 9. Qd2 O-O 10. O-O-O Nbd7 11. g4 b5 12. Rg1 {B90: Sicilian Najdorf: Unusual White 6th moves, 6 Be3 Ng4 and 6 Be3 e5} (12. g5 Nh5 13. Kb1 Nb6 14. Nd5 Nxd5 15. exd5 Bd7 16. Na5 Rc8 17. Bd3 Qc7 18. Rhg1 f5 19. gxf6 Bxf6 20. Nc6 Kh8 {1-0 (47) Wang,H (2730)-Najer,E (2670) St Petersburg 2018}) 12... Nb6 13. g5 Nh5 14. Nd5 {The position is equal.} Nxd5 15. exd5 Bf5 16. Na5 f6 $146 ({Predecessor:} 16... Qc7 17. Nc6 Rfc8 18. f4 exf4 19. Bxf4 Bf8 20. Be3 g6 {1-0 (56) Zufic,M (2399)-Vitic,I (2336) Rabac 2003}) 17. Nc6 Qd7 18. f4 (18. gxf6 $11 Bxf6 19. Kb1) 18... exf4 ({Black should play} 18... Nxf4 $15 19. Bxf4 exf4 20. Qxf4 fxg5 21. Nxe7+ Qxe7 22. Qxg5 Qxg5+ 23. Rxg5 g6) 19. Bd4 $11 {Black must now prevent Qe2.} f3 20. Qe3 {[%mdl 64] [#] Double Attack} Rae8 21. Qxf3 Bg6 22. Bh3 Qc7 $1 23. Be6+ Kh8 24. Qc3 fxg5 25. h4 $2 (25. Ne5 $11 Qxc3 26. Nxg6+ hxg6 27. Bxc3 (27. bxc3 Bf6 $15)) 25... gxh4 $19 26. Nxe7 Qxe7 27. Rde1 Nf4 28. Kb1 Nxe6 29. Rxe6 Qf7 30. a3 Kg8 ({Don't do} 30... Rxe6 31. dxe6 Qb7 32. Qe3 $17) 31. Rge1 $2 (31. Rxd6 $17 Re4 32. Rxa6 Qxd5 33. Bxg7) 31... Rc8 32. Qe3 {[#] Strongly threatening Re7.} Rxc2 ({Don't take} 32... Bxc2+ 33. Ka1 $17) 33. Ka1 {And now Re7 would win.} Rc7 34. Rxd6 a5 35. Re6 Rd7 36. Qc3 b4 ({Inferior is} 36... Rxd5 37. Re7 $11) 37. Qb3 $2 (37. Qc5) 37... bxa3 38. Qxa3 Qf3 39. Qxf3 (39. d6 $142) 39... Rxf3 40. d6 Bf7 41. R6e4 Rxd6 42. Rxh4 Rd3 43. Ree4 Rd1# {Accuracy: White = 29%, Black = 78%.} 0-1

[Event "Uralsk-ch Men 2019"]
[Site "Khanty-Mansiysk"]
[Date "2019.03.18"]
[Round "7.2"]
[White "Drygalov, Andrey"]
[Black "Iljiushenok, Ilia"]
[Result "0-1"]
[WhiteElo "2491"]
[BlackElo "2524"]
[Annotator "TA"]
[PlyCount "74"]
[EventDate "2019.03.12"]
[EventType "swiss"]
[EventCountry "RUS"]
[SourceTitle "playchess.com"]
[Source "ChessBase"]
[SourceQuality "1"]

{[%evp 11,74,18,44,32,30,31,17,16,49,37,46,25,40,16,16,0,20,30,32,17,26,-17,0,-75,-77,-70,-70,-85,-92,-154,-147,-141,-96,-88,-40,-48,-53,-261,-111,-102,-102,-102,-102,-92,-95,-112,-61,-62,-58,-333,-311,-1004,-1029,-979,-970,-1014,-1029,-973,-958,-4929,-4353,-29978,-29979,-29975,-29977]} 1. e4 c6 2. d4 d5 3. e5 Bf5 4. Nf3 e6 5. Be2 Nd7 6. O-O Bg6 7. Nbd2 {B12: Caro-Kann: Advance Variation} (7. c3 Nh6 8. a4 a5 9. Na3 Be7 10. Nc2 O-O 11. Nce1 c5 12. Bxh6 gxh6 13. Bb5 cxd4 14. cxd4 Nb8 15. Qd2 {0-1 (52) Yu,Y (2764)-Artemiev,V (2709) Caleta 2019}) 7... Nh6 8. Nb3 Nf5 9. a4 {The position is equal.} Be7 10. g4 Nh6 11. h3 O-O 12. Be3 Qc7 13. Ne1 $146 ({Predecessor:} 13. Kh1 c5 14. Nxc5 Nxc5 15. dxc5 Bxc5 16. Bxc5 Qxc5 {½-½ (28) Schoen,W (2442)-Tazelaar,H (2380) ICCF email 2015}) 13... c5 14. c3 Rac8 15. f4 f6 16. Bf3 fxe5 17. fxe5 (17. dxe5 $11 {keeps the balance.} Rcd8 18. a5) 17... Nf7 $17 18. Bg2 cxd4 19. cxd4 Nb6 20. Nd3 ({Better is} 20. Nd2) 20... Nc4 21. Bc1 Bxd3 22. Qxd3 {[#]} Nfxe5 $1 {[%mdl 512]} 23. dxe5 Qxe5 24. Qc3 $2 {[#]} (24. Bf4 $1 $15 Rxf4 25. Rfe1 Qxb2 26. Rxe6) 24... d4 $1 {[%mdl 512]} 25. Nxd4 {Re1 is the strong threat.} Bc5 26. Rd1 Rfd8 {[%cal Rd8d4]} 27. Kh1 {Black must now prevent Bf4.} Bxd4 28. Qe1 h6 $40 {[%mdl 128] Black mounts an attack.} (28... Be3 $17 {Threatens to win with ...Rxd1.} 29. Rxd8+ Rxd8 30. Bxe3 Nxe3 31. Bxb7 Qxb2) 29. Bxb7 $15 Rb8 {[%cal Bc8b8,Bb8f8,Bf8f3][%mdl 32]} 30. Bg2 $2 {[%mdl 8192]} (30. Qxe5 $15 Bxe5 31. Rxd8+ Rxd8 32. Kg2) 30... Bb6 $19 ({Worse is} 30... Bxb2 31. Rxd8+ Rxd8 32. Bxb2 $11) 31. Bf3 $2 (31. Rxd8+ Rxd8 32. Qxe5 Rd1+ 33. Kh2 Nxe5 34. Be4) 31... Rxd1 32. Qxd1 Rf8 {( -> ...Rxf3!)} 33. Qe2 {[#]} Rxf3 $1 {[%mdl 512]} 34. Qxe5 (34. Qxf3 Qe1+) 34... Nxe5 35. Bd2 Rf2 36. Bb4 Nf3 {[%csl Gf3][%cal Rf2h2]} 37. Bd6 e5 {Accuracy: White = 29%, Black = 69%.} 0-1

[Event "Uralsk-ch Men 2019"]
[Site "Khanty-Mansiysk"]
[Date "2019.03.18"]
[Round "7.3"]
[White "Pridorozhni, Aleksei"]
[Black "Oleg, Loskutov"]
[Result "1-0"]
[WhiteElo "2593"]
[BlackElo "2380"]
[Annotator "TA"]
[PlyCount "77"]
[EventDate "2019.03.12"]
[EventType "swiss"]
[EventCountry "RUS"]
[SourceTitle "playchess.com"]
[Source "ChessBase"]
[SourceQuality "1"]

{[%evp 14,77,-10,-14,22,16,27,8,0,-13,29,15,22,9,49,12,8,-32,-25,-23,-22,-16,-13,-52,-39,-32,-16,-14,-14,-12,-12,-14,-15,-9,-7,-7,0,0,18,23,44,15,16,0,0,0,0,0,141,144,180,198,152,137,291,292,273,281,253,266,254,242,540,517,521,535]} 1. e4 c5 2. Na3 (2. Nf3 e6 3. d4 cxd4 4. Nxd4 Nc6 5. Nc3 Qc7 6. Be3 a6 7. Qf3 Nf6 8. O-O-O Ne5 9. Qg3 b5 10. f4 Neg4 11. Bd2 b4 12. Na4 h5 13. Bd3 d5 14. e5 Ne4 15. Bxe4 dxe4 {½-½ (48) Caruana,F (2832)-Shankland,S (2724) Germany 2019}) 2... d6 3. Nf3 Nf6 4. c3 g6 5. g3 Nc6 6. Qe2 {B31: Sicilian: 2...Nc6 3 Bb5 g6} Bg7 7. Bg2 O-O 8. O-O {LiveBook: 3 Games. The position is equal.} Rb8 $146 ({Predecessor:} 8... e5 9. Nc2 Re8 10. d3 d5 {0-1 (41) Certic,B (2394)-Zivkovic,S (2305) Belgrade 2014}) 9. d4 cxd4 10. cxd4 Bg4 11. Qe3 Nd7 12. d5 Bxf3 13. Qxf3 Nb4 14. Qb3 a5 15. Be3 Nc5 16. Bxc5 $1 dxc5 17. Nb5 a4 18. Qxa4 Qd7 {Hoping for ...Ra8.} 19. Nc3 Qxa4 20. Nxa4 c4 21. a3 Nd3 22. Nb6 $1 Bxb2 23. Rad1 Ne5 24. Rd2 c3 25. Rc2 Rfd8 26. Rb1 Nd3 27. Bf1 $36 {[%mdl 2048] White is pushing.} Nc5 28. f3 {[%cal Bf2f3,Bf3f4][%mdl 32]} Nb3 $1 29. Rcxb2 cxb2 30. Rxb2 Nd4 {[#]} (30... Nc5 $1 $11) 31. Kf2 $1 $16 e5 32. f4 f6 33. Ke3 Ra8 $2 (33... g5 $16 34. Bh3 Ra8) 34. fxe5 fxe5 35. Nxa8 Rxa8 36. Rxb7 Rxa3+ 37. Bd3 h5 $2 {[#]} (37... Kf8 38. Rxh7 Nc2+ 39. Kd2 Nd4) 38. d6 $1 $18 Ne6 39. Rb5 {Precision: White = 78%, Black = 44%.} 1-0

[Event "Uralsk-ch Men 2019"]
[Site "Khanty-Mansiysk"]
[Date "2019.03.18"]
[Round "7.4"]
[White "Savitskiy, Sergey"]
[Black "Radzhabov, Rodion"]
[Result "0-1"]
[WhiteElo "2401"]
[BlackElo "2366"]
[Annotator "TA"]
[PlyCount "101"]
[EventDate "2019.03.12"]
[EventType "swiss"]
[EventCountry "RUS"]
[SourceTitle "playchess.com"]
[Source "ChessBase"]
[SourceQuality "1"]

{[%evp 9,101,-8,13,16,14,-10,-10,-10,-8,-10,-10,-76,-57,-82,-65,-78,-71,-77,-79,-80,-43,-51,-15,-40,-35,-116,-84,-126,-119,-180,-180,-211,-163,-206,-210,-197,-204,-180,-97,-93,-89,-94,-75,-74,-56,-83,-91,-124,-131,-129,-135,-141,-139,-144,-145,-148,-145,-174,-162,-160,-136,-134,-132,-145,-145,-157,-157,-177,-176,-192,-157,-165,-158,-214,-207,-274,-230,-203,-171,-183,-173,-189,-184,-394,-370,-420,-424,-709,-707,-698,-695,-671,-652,-29990]} 1. d4 Nf6 2. Nc3 d5 3. Bf4 a6 4. e3 c5 5. Nf3 Nc6 6. dxc5 {D00: 1 d4 d5: Unusual lines} Bg4 (6... e6 7. Na4 Bxc5 8. Nxc5 Qa5+ 9. c3 Qxc5 10. Bd3 Qe7 11. Ne5 Nd7 12. Nxc6 bxc6 13. e4 {1-0 (73) Vachier Lagrave,M (2779)-Nakamura,H (2777) chess.com INT 2018}) 7. h3 Bxf3 $1 8. Qxf3 {The position is equal.} e6 9. O-O-O Qa5 10. Bg5 $146 (10. Kb1 $11 {remains equal.}) ({Predecessor:} 10. Bd6 Bxd6 11. cxd6 Rc8 {1-0 (46) Vaisser,A (2531)-Raznikov,D (2492) Douglas 2014}) 10... Be7 $17 11. Kb1 Qxc5 12. Bd3 h6 13. Bh4 Rc8 14. Qe2 Qb4 15. f4 $1 Na5 16. Be1 {[#] Nb5 is the strong threat.} Nc4 {[%csl Gc4][%cal Rb4b2]} 17. b3 (17. Bxc4 $1 $15 Qxc4 18. Rf1) 17... Qb6 (17... Na3+ {is interesting.} 18. Kb2 Qc5 19. Nb1 Nc4+ 20. Bxc4 dxc4 21. e4 Qc6) 18. Bxc4 Rxc4 ({But not} 18... dxc4 $6 19. e4 $11) 19. Ka1 (19. g4 $17) 19... Rc6 $19 20. Kb1 Qc7 21. Qd3 O-O 22. Ne2 Ne4 23. Nd4 Nc3+ ({Better is} 23... Rc5 $19 24. Bb4 Ra5) 24. Bxc3 $17 Rxc3 25. Qe2 Qa5 26. Rd3 Bb4 27. Qd1 Rfc8 28. Rxc3 Bxc3 29. Ne2 Bd2 30. f5 Bxe3 31. fxe6 fxe6 32. Qd3 Qd2 33. Qxd2 Bxd2 {[%mdl 4096] Endgame KRB-KRN} 34. Rd1 Be3 35. Rd3 Bb6 36. Nf4 Kf7 37. Rf3 {[#] Strongly threatening Nxd5+.} Ke7 38. Ng6+ Kd6 39. Kc1 Rc7 40. Kd1 Bd4 41. Rd3 (41. Rf8 $17) 41... Bf6 $19 42. c4 b5 43. cxd5 exd5 44. Nf4 d4 45. Ne2 Kd5 46. Rf3 $2 (46. h4) 46... Bg5 47. Nf4+ Ke4 48. Ne2 (48. Nd3 $142 Be3 49. Nf2+ Kd5 50. Ng4) 48... d3 49. Ng3+ Kd4 {[%csl Gg5][%cal Rc7c1]} 50. Nf5+ Ke5 {[%csl Gg5][%cal Rc7c1]} 51. Ne3 {Accuracy: White = 42%, Black = 67%.} 0-1

[Event "Uralsk-ch Men 2019"]
[Site "Khanty-Mansiysk"]
[Date "2019.03.18"]
[Round "7.5"]
[White "Popov, Mikhail"]
[Black "Tagir, Salemgareev"]
[Result "0-1"]
[WhiteElo "2381"]
[BlackElo "2351"]
[Annotator "TA"]
[PlyCount "142"]
[EventDate "2019.03.12"]
[EventType "swiss"]
[EventCountry "RUS"]
[SourceTitle "playchess.com"]
[Source "ChessBase"]
[SourceQuality "1"]

{[%evp 21,142,42,39,34,41,10,14,14,10,14,22,18,37,19,59,66,70,66,86,44,54,36,39,37,36,54,55,47,38,0,0,0,0,0,18,17,16,24,70,56,110,63,63,64,85,0,0,-14,-14,-15,-13,-33,33,35,71,0,0,0,0,0,0,0,0,0,0,0,0,0,0,-98,-98,-188,-188,-181,-181,-181,-181,-173,-172,-156,-110,-110,-107,-132,-77,-3904,-3904,-2400,-592,-1852,-1620,-3609,-1244,-2432,-1601,-2530,-5732,-4598,-4314,-5700,-4616,-29960,-4425,-1135,0,-4706,-5691,-5097,-1710,-29967,-29966,-29974,-29976,-29981,-29983,-29983,-29984,-29984,-29985,-29986,-29987,-29988,-29989]} 1. e4 c5 2. Nf3 d6 3. d4 cxd4 4. Nxd4 Nf6 5. f3 e5 6. Nb3 d5 7. Bg5 Be6 8. Bxf6 gxf6 9. exd5 Qxd5 10. Qxd5 Bxd5 11. Nc3 Be6 12. O-O-O {B55: Sicilian: 2...d6 3 d4 cxd4 4 Nxd4 Nf6 5 f3} (12. Nb5 Kd8 13. O-O-O+ Kc8 14. Nc3 Nd7 15. Nd5 h5 16. Bb5 Bxd5 17. Bxd7+ Kxd7 18. Rxd5+ Ke6 19. Rhd1 h4 20. Kb1 Rg8 21. c4 Rxg2 22. Nd4+ Ke7 23. f4 Rxh2 24. Nf5+ Ke6 25. Nd4+ Ke7 26. Nf5+ Ke6 {½-½ (26) Nabaty,T (2690)-Sjugirov,S (2652) Batumi 2018}) 12... Nc6 13. Ne4 Bh6+ 14. Kb1 {The position is equal.} Ke7 15. Bb5 $146 ({Predecessor:} 15. c3 Rhd8 16. Bb5 Rxd1+ 17. Rxd1 Rd8 18. Rxd8 Nxd8 19. Bd3 f5 20. Ng3 Kf6 21. Kc2 {½-½ (21) Czebe,A (2491)-Gonzalez Acosta,B (2413) Budapest 2012}) 15... Rad8 16. Bxc6 bxc6 17. Na5 Rc8 18. Rhe1 Rhg8 19. g3 Bg7 20. f4 h5 21. f5 {[%mdl 64] Decoy} Bxf5 22. Nd6 {[%mdl 64] Double Attack} Be6 {next ...Rc7 is good for Black.} 23. Nxc8+ Rxc8 24. Re3 f5 25. Nb7 Rb8 26. Nc5 e4 27. c3 Rb5 28. Nxe6 fxe6 $11 {[%mdl 4096] Endgame KRR-KRB} 29. Kc2 Bh6 30. Re2 e3 (30... Ra5 $14) 31. c4 Rb8 32. c5 Rb5 33. Rd3 ({Better is} 33. Kd3 $16) 33... e5 34. b4 {Rd6 is the strong threat.} f4 35. gxf4 $1 exf4 36. Rd4 Rb8 (36... f3 $15 37. Re1 Rb8) 37. Kd3 $14 Rf8 {Threatens to win with ...f3.} 38. Re1 (38. Rd6 $16 f3 39. Rxh6 fxe2 40. Kxe2) 38... f3 $11 39. Re4+ $1 Kd7 40. R4xe3 {aiming for Re7+.} f2 41. Rf1 {And now Re4 would win.} ({Wrong is} 41. Re7+ $2 Kd8 $19) 41... Bxe3 42. Kxe3 {KR-KR} Rb8 43. a3 a5 $1 44. Rxf2 axb4 45. Rb2 (45. Rd2+ $11 {remains equal.} Kc7 46. axb4) 45... Re8+ $17 46. Kd4 (46. Kf4 $17) 46... bxa3 $19 47. Rb7+ Ke6 {Strongly threatening ...Ra8.} 48. Ra7 Rg8 49. Rxa3 Rg4+ 50. Ke3 {[#]} Kd5 $1 51. Kf3 Rc4 52. Kg3 Rxc5 ({Black should play} 52... h4+ 53. Kf3 Rxc5 54. Rd3+ Ke5 55. Re3+ Kf5) 53. Kh4 $2 {[%mdl 8192]} (53. Ra8 $17) 53... Kc4 54. Ra1 Rd5 (54... Rf5 $142 55. Rc1+ Kd5 56. Rd1+ Ke4 57. Re1+ Kd3 58. Rd1+ Kc2) 55. Rc1+ Kb5 56. Rb1+ Ka4 57. Kg3 c5 58. Kf4 c4 59. Ke4 Rd8 60. Ra1+ Kb3 61. Rb1+ Ka3 (61... Kc2 $142 62. Rb4 c3 63. Ke3 Rd3+ 64. Ke2 Rh3 65. Rb6 Kc1 66. Rb3 Rxh2+ 67. Kf3 c2 68. Kg3 Rd2 69. Kh4 Kd1 70. Rf3 Rh2+ 71. Kg3 Rh1 72. Rd3+ Ke2 73. Rc3 c1=Q 74. Rxc1 Rxc1 75. Kf4 h4 76. Kg4 {[#]} h3 $1 {[%mdl 512]} 77. Kf5 h2 78. Ke6 h1=Q 79. Kf7 Qh6 80. Kg8 Rc8+ 81. Kf7 Rc7+ 82. Kg8 Qg7#) 62. Rc1 Kb3 (62... Rc8 $142 63. Kd4 Kb3 64. Rc3+ Kb4) 63. Rb1+ $1 Kc2 64. Rb5 c3 (64... Kd2 $142 65. Rxh5 c3) 65. Rxh5 Kd2 {Black mates.} 66. Rg5 c2 67. Rg2+ Kc3 68. Rxc2+ Kxc2 69. Kf4 Rh8 70. Kg3 Kd3 71. h4 Ke4 {Accuracy: White = 39%, Black = 70%.} 0-1

[Event "Uralsk-ch Men 2019"]
[Site "Khanty-Mansiysk"]
[Date "2019.03.18"]
[Round "7.6"]
[White "Kabanov, Nikolai"]
[Black "Sergei, Iskusnyh"]
[Result "1-0"]
[WhiteElo "2447"]
[BlackElo "2484"]
[Annotator "TA"]
[PlyCount "53"]
[EventDate "2019.03.12"]
[EventType "swiss"]
[EventCountry "RUS"]
[SourceTitle "playchess.com"]
[Source "ChessBase"]
[SourceQuality "1"]

{[%evp 11,53,39,48,22,45,45,53,45,107,126,74,16,212,207,302,317,327,306,782,323,294,308,316,321,352,315,310,313,299,314,324,323,309,307,353,353,779,777,906,908,902,902,879,864]} 1. e4 e6 2. d4 d5 3. Nc3 Bb4 4. e5 b6 5. a3 Bf8 6. Nf3 Ne7 7. a4 {C16: French: 3 Nc3 Bb4 4 e5: Lines without ...c5} a5 8. Bd3 Ba6 9. Nb5 $146 {White is slightly better.} ({Predecessor:} 9. O-O Bxd3 10. Qxd3 Nbc6 11. Ne2 Nb4 12. Qd1 Nf5 13. Ng3 g6 14. b3 {½-½ (35) Jakovenko,D (2582)-Vaganian,R (2639) Sochi 2004}) 9... Nc8 (9... Ng8 $14) 10. Ng5 $1 $16 c6 (10... Be7 $142) 11. Qh5 $40 {[%mdl 128] White is up to no good.} (11. O-O $1 $16) 11... Qd7 $2 {[#]} (11... g6 $1 $11 {and Black has nothing to worry.} 12. Qf3 Qe7) 12. Nxf7 $1 $18 {Threatening mate with Nc7+!} g6 {[#]} (12... Bb4+ {is a better defense.} 13. Bd2 Qxf7 14. Nc7+ {[%mdl 64] Double Attack} Kf8 15. Qxf7+ Kxf7) 13. Bxg6 $1 (13. Nfd6+ Nxd6 14. Nxd6+ Bxd6 $14) 13... hxg6 14. Qxg6 {White threatens Nc7+! and mate.} ({Inferior is} 14. Qxh8 Qxf7 15. Nc3 Nd7 $15) 14... cxb5 $2 (14... Bb4+ 15. c3 Ne7) 15. Nxh8+ (15. Ng5+ $142 Kd8 16. Nxe6+ Qxe6 17. Qxe6) 15... Kd8 16. Nf7+ Kc7 17. Ng5 Kb7 18. Nxe6 Be7 19. O-O bxa4 20. Re1 Nc6 21. c3 Bc4 22. Re3 b5 23. Rh3 Ra6 $2 (23... Nd8 24. Nxd8+ Bxd8) 24. Rh7 {White is clearly winning.} Nxe5 25. Nc5+ {[%mdl 64] Discovered Attack} ({Less strong is} 25. dxe5 Rxe6 26. Qg4 Qc6 $16) 25... Bxc5 26. Rxd7+ Nxd7 27. Qf5 {Accuracy: White = 71%, Black = 25%.} 1-0